Intervention attendance among emergency department patients with alcohol- and drug-use disorders /

সংরক্ষণ করুন:
গ্রন্থ-পঞ্জীর বিবরন
অন্যান্য লেখক: Barry, Kristen L., Blow, Frederic C., Booth, Brenda M., Chermack, Stephen T., Cunningham, Rebecca M., Ilgen, Mark A., Murray, Regan., Walton, Maureen A.
বিন্যাস: প্রবন্ধ
ভাষা:English
বিষয়গুলি:
ট্যাগগুলো: ট্যাগ যুক্ত করুন
কোনো ট্যাগ নেই, প্রথমজন হিসাবে ট্যাগ করুন!
Thư viện lưu trữ: Thư viện Trường Đại học Đà Lạt
LEADER 01136nam a2200373 4500
001 DLU110117465
005 ##20101221
040 # # |a DLU  |b eng 
041 # # |a eng 
044 # # |a us 
245 # # |a Intervention attendance among emergency department patients with alcohol- and drug-use disorders /  |c Frederic C. Blow ... [et al.]. 
653 # # |a Alcoholic beverage 
653 # # |a Alcoholism 
653 # # |a Drugs 
653 # # |a Emergency department 
653 # # |a Substance abuse 
700 # # |a Barry, Kristen L. 
700 # # |a Blow, Frederic C. 
700 # # |a Booth, Brenda M. 
700 # # |a Chermack, Stephen T. 
700 # # |a Cunningham, Rebecca M. 
700 # # |a Ilgen, Mark A. 
700 # # |a Murray, Regan. 
700 # # |a Walton, Maureen A. 
773 # # |t Journal of studies on alcohol and drugs  |g Vol. 71, no. 5 (September 2010), p. 713-719 
920 # # |a  Phòng Tạp chí -- Trung tâm Thông tin - Thư viện Trường Đại học Đà Lạt 
994 # # |a DLU 
900 # # |a True 
911 # # |a Trương Bảo Trâm Anh 
925 # # |a G 
926 # # |a A 
927 # # |a BB 
980 # # |a Thư viện Trường Đại học Đà Lạt